Science Quiz

Random Science Quiz

Java Programs Output Quiz Stats

 Plays Quiz not verified by Sporcle

Score 0/10 Timer 03:00
0 Plays Today
Programs Outputs % Correct
System.out.println('a');a
84%
System.out.print(91573);91573
81.1%
System.out.println(^Hello World!^);Hello World!
77.3%
System.out.println(boolean a);false
70.6%
System.out.println(long n = 162.4136);162
69.5%
System.out.println(double d = 913);913.0
62%
System.out.println(int a);0
61.4%
System.out.println(int a = ☺);1
48.3%
System.out.println((int)'♥');3
45.2%
System.out.println(^////|n@*^);@*||
1.8%

You're not logged in!

Compare scores with friends on all Sporcle quizzes.
OR
Log In

Show Comments

Extras

Created Nov 2, 2010ReportNominate
Tags:code, extra, java, output, program

Top Quizzes Today


Score Distribution

Your Account Isn't Verified!

In order to create a playlist on Sporcle, you need to verify the email address you used during registration. Go to your Sporcle Settings to finish the process.

Report this User

Report this user for behavior that violates our Community Guidelines.

Details: